|
|
|
|
| LEADER |
01263nam a2200337 i 4500 |
| 001 |
33053 |
| 003 |
BD-DhAAL |
| 005 |
20180506140935.0 |
| 008 |
180506t20171970xnac f 000 0 eng d |
| 999 |
|
|
|c 39318
|d 39318
|
| 020 |
|
|
|a 9780648200710
|
| 035 |
|
|
|a (OCoLC)1002211905
|
| 040 |
|
|
|a ANL
|b eng
|e rda
|d ANL
|d NSL
|d BD-DhAAL
|
| 042 |
|
|
|a anuc
|
| 082 |
0 |
4 |
|a 510
|2 23
|
| 100 |
1 |
|
|a Hossain, Sakhawat
|9 25729
|
| 245 |
1 |
0 |
|a On unification :
|b works of Professor Sakhawat Hossain /
|c Sakhawat Hossain
|
| 250 |
|
|
|a Revised edition
|
| 260 |
|
|
|a Sydney, Australia :
|b Shapla Books,
|c c1970 [reprinted 2017]
|
| 300 |
|
|
|a xxiv, 287 pages :
|b portrait ;
|c 23 cm
|
| 500 |
|
|
|a "Sakhawat Hossian former Professor of mathematcs in Bangladesh University of Engineering and Technology"--Title page.
|
| 526 |
|
|
|a AAL
|
| 541 |
|
|
|a Complementary copy
|e 33053
|
| 650 |
|
0 |
|a Mathematics
|x Philosophy
|9 25730
|
| 650 |
|
0 |
|a Physics
|9 25731
|
| 650 |
|
0 |
|a Astronomy
|9 25732
|
| 650 |
|
0 |
|a Geometry
|9 25733
|
| 650 |
|
0 |
|a Mathematics
|9 25734
|
| 852 |
|
|
|a Ayesha Abed Library
|c General Stacks
|
| 942 |
|
|
|2 ddc
|c BK
|
| 952 |
|
|
|0 0
|1 0
|2 ddc
|4 0
|6 510_000000000000000_HOS
|7 0
|9 63240
|a BRACUL
|b BRACUL
|c GEN
|d 2018-05-06
|e Complementary copy
|l 1
|m 1
|o 510 HOS
|p 3010033053
|r 2024-06-27
|s 2024-06-27
|t 1
|w 2018-05-06
|y BK
|